| 000 | 00581nam a2200205 a 4500 | ||
|---|---|---|---|
| 003 | CBULib | ||
| 005 | 20240830071307.0 | ||
| 008 | 120416s0000 ||||||||||||||||| || u | ||
| 020 | _a0582023572 | ||
| 040 |
_cCBU _bEnglish _erda |
||
| 050 | _aTA 684 Mor | ||
| 100 | _aMorris, L. J | ||
| 245 | 1 | 0 | _aStructural steelwork design to BS 5950 |
| 260 |
_aBurnt Hill, Harlow _bLongman _c1988 |
||
| 336 |
_2rdacontent _aText | |
||
| 337 |
_2rdamedia _aUnmediated | |
||
| 338 |
_2rdacarrier _aVolume |
||
| 942 |
_2lcc _c002 |
||
| 999 |
_c58699 _d58699 |
||